MARC

LEADER 00000nam0a2200000 4500
001 249620
005 20231101232505.0
010 |a 5020026506 
020 |a RU  |b 88-90524 
035 |a (RuTPU)RU\TPU\book\271713 
090 |a 249620 
100 |a 20140206d1988 k a0rusy5003 ca 
101 0 |a rus 
102 |a RU 
105 |a a z 001zy 
200 1 |a Литосферная мантия Якутской кимберлитовой провинции  |f А. В. Уханов, И. Д. Рябчиков, А. Д. Харькив  |g Академия наук СССР (АН СССР), Институт геохимии и аналитической химии им. В. И. Вернадского (ГЕОХИ РАН) ; под ред. Н. В. Соболева 
210 |a Москва  |c Наука  |d 1988 
215 |a 285 с.  |c ил. 
320 |a Библиогр.: с. 271-282 (302 назв.) 
606 1 |a Кимберлиты  |x (петрография)  |2 stltpush  |3 (RuTPU)RU\TPU\subj\14339  |9 40749 
610 1 |a мантия Земли 
610 0 |a Кимберлиты (геол.) - Якут. АССР 
610 1 |a исследование 
610 1 |a литосфера 
610 1 |a геологическое строение 
610 1 |a фазовое равновесие 
610 1 |a состав 
610 1 |a строение 
610 1 |a геохимические образования 
610 1 |a процессы 
610 1 |a неоднородность 
675 |a 552.323  |z rus 
700 1 |a Уханов  |b А. В.  |g Андрей Валерьянович  |4 070 
701 1 |a Рябчиков  |b И. Д.  |g Игорь Дмитриевич 
701 1 |a Харькив  |b А. Д.  |g Алексей Демьянович 
702 1 |a Соболев  |b Н. В.  |4 340 
712 0 2 |a Академия наук СССР (АН СССР)  |b Институт геохимии и аналитической химии им. В. И. Вернадского (ГЕОХИ РАН)  |c (Москва)  |2 stltpush  |3 (RuTPU)RU\TPU\col\11383 
801 0 |a RU  |b RuMRKP  |c 19950417  |g psbo 
801 1 |a RU  |b 63413507  |c 20140206 
801 2 |a RU  |b 63413507  |c 20160803  |g RCR 
942 |c BK